000 00638nam a2200241Ia 4500
003 OSt
005 20220924143316.0
006 a|||||r|||| 00| 0
007 ta
008 220923b |||||||| |||| 00| 0 urd d
020 _c12.00
024 _a307697
037 _cTextual
040 _aARTS
_cARTS
_burd
041 _2urd
_aurd
082 _aLDw273,N1, 168M1.1
100 _aIsrarul Haq Hakeem Mohammad
_9215375
245 0 _aTareekh - itbarai bahar
260 _c1981
650 _aMEDICINE
_94387
942 _hLDw273,N1, 168M1.1
_cTEXL
_2CC
999 _c454019
_d454019